I love cinema - Statistics

General Stats
  • This quiz has been taken 18 times
  • The average score is 2 of 29
Answer Stats
Hint Answer % Correct
English I love cinema
94%
French J'aime le cinéma
69%
spanish Me gusta el cine.
25%
german Ich mag Kino
6%
arabic ahibu alsiynma
0%
thai c̄hạn chxb rong h̄nạng
0%
icelandic Ég hef gaman af bíó
0%
portuguese Eu gosto de cinema
0%
dutch Ik houd van cinema
0%
sweedish Jag gillar bio
0%
Danish Jeg kan godt lide biograf.
0%
Norwegian Jeg liker kino
0%
laotian khony mak hubngao
0%
Polish lubię kino
0%
Nepalese Malā'ī sinēmā mana parcha
0%
Czech Mám rád kino
0%
italian mi quiamo cinema
0%
russian Mne nravitsya kino.
0%
Greek Mou arései o kinimatográfos
0%
indi mujhe sinema pasand hai
0%
swahili Ninapenda sinema
0%
finnish Pidän elokuvasta.
0%
turksih Sinemayı severim
0%
Hongarian Szeretem a mozit
0%
Malagasy Tiako ny sinema
0%
slovenian Všeč mi je kino
0%
japanese Watashi wa eiga ga sukidesu
0%
Chineese Wǒ xǐhuān diànyǐng
0%
Ukrainian YA lyublyu kino
0%
No matching quizzes found
Score Distribution
Percent of People with Each Score
Percentile by Number Answered
Your Score History
You have not taken this quiz